MARC
| LEADER | 00000 a a2200000 04500 | ||
|---|---|---|---|
| 001 | 27182 | ||
| 003 | |||
| 040 | |||
| 090 | |a 185800 | ||
| 100 | |a Salazar, Carlos | ||
| 110 | |a Centro de Estudios y Promoción del Desarrollo | ||
| 245 | |a Espacios de concertación para el desarrollo rural: la relación ONGs-Estado en la agricultura / |c Carlos Salazar | ||
| 260 | |a Lima: |b DESCO | ||
| 300 | |a 146 p |b **no definido** | ||
| 700 | |a ed. | ||
| 999 | |c 14308 |d 14308 | ||
